Dispositivos de elevación del agua : manual para usuarios y planificadores /

Guardado en:
Autor Principal: Fraenkel, Peter.
Autor Corporativo: Organización de las Naciones Unidas para la Agricultura y la Alimentación.
Otros Autores: Thake, Jeremy.
Formato: Libro
Idioma:Spanish
Publicado: México : Roma : Alfaomega ; FAO, 2010.
Edición:3a ed.
Etiquetas: Agregar Etiqueta
Sin Etiquetas, Sea el primero en etiquetar este registro!
LEADER 00715nam a22001935a 4500
001 EEA.libagro008331
005 20170926115126.0
008 130809s2010####it#a##########000#0#spa#d
020 |a 9789701514474 (Alfaomega) 
020 |a 9789253054305 (FAO) 
082 0 4 |a 621.2 
100 1 |a Fraenkel, Peter. 
245 1 0 |a Dispositivos de elevación del agua :  |b manual para usuarios y planificadores /  |c Peter Fraenkel, Jeremy Thake. 
250 |a 3a ed. 
260 |a México :  |b Alfaomega ;  |a Roma :  |b FAO,  |c 2010. 
300 |a xi, 338 p. :  |b il. ;  |c 23 cm. 
700 1 |a Thake, Jeremy. 
710 2 |a Organización de las Naciones Unidas para la Agricultura y la Alimentación. 
859 |a AR-BbBCA  |b BIB. AGRONOMIA  |h 621.2  |i F811a3  |p 2010/5744